| 000 | 01556cam a22003258a 4500 | ||
|---|---|---|---|
| 001 | 13992700 | ||
| 003 | OSt | ||
| 005 | 20210707125009.0 | ||
| 008 | 050606s2005 nyu b 001 0 eng | ||
| 010 | _a 2005050735 | ||
| 020 | _a9780390453235 | ||
| 020 | _a0390453234 | ||
| 040 |
_aDLC _cDLC |
||
| 042 | _apcc | ||
| 050 | 0 | 0 | _aHG4026.A89 |
| 082 | 0 | 0 |
_a658.15 _222 |
| 110 | _bFinance Department, Auburn University | ||
| 245 | 1 | 0 |
_aPrinciples of business finance. / _cAuburn University |
| 260 |
_aNew York : _bMcGraw-Hill, _c2013. |
||
| 300 |
_axxiv, 473 p.: _bill.; |
||
| 504 | _aIncludes index. | ||
| 505 | _aContents: Guided tour -- Introduction to corporate finance -- Financial statements, taxes, and cash flow -- Working with financial statements-- Introduction to valuation -- Discounted cash flow valuation -- Inters rates and bond valuation -- Stock valuation -- Net present value and other investment criteria -- Making capital investment decisions -- Some lessons from capital market history -- Return, risk, and the security market line -- Cost of capital -- Appendices: Mathematical table s-- Key equations -- Answers t selected end-of-chapter problems | ||
| 650 | 0 |
_aBusiness enterprises _xFinance. |
|
| 650 | 0 |
_aBusiness enterprises _xFinance _vProblems, exercises, etc. |
|
| 650 | 0 |
_aCorporations _xFinance. |
|
| 650 | 0 |
_aCorporations _xFinance _vProblems, exercises, etc. |
|
| 906 |
_a7 _bcbc _corignew _d1 _eocip _f20 _gy-gencatlg |
||
| 942 |
_2lcc _cBK |
||
| 999 |
_c7710 _d15210 |
||